Bangladesh Liberation War Mujibnagar Government Documents 1971 / (Record no. 10218)
[ view plain ]
| 000 -LEADER | |
|---|---|
| fixed length control field | 00632nam a2200229 a 4500 |
| 001 - CONTROL NUMBER | |
| JCCL Control Number | 10218 |
| 003 - CONTROL NUMBER IDENTIFIER | |
| JCCL marc code | BD-JhCC |
| 005 - DATE AND TIME OF LATEST TRANSACTION | |
| control field | 20180717081639.0 |
| 008 - FIXED-LENGTH DATA ELEMENTS--GENERAL INFORMATION | |
| fixed length control field | 171214s2005 bg a||a| ||a| 000 0 eng d |
| 020 ## - INTERNATIONAL STANDARD BOOK NUMBER | |
| International Standard Book Number | 9844104343 |
| 035 ## - SYSTEM CONTROL NUMBER | |
| system control number | (BD-JhCC)10218 |
| 040 ## - CATALOGING SOURCE | |
| Original cataloging agency | BD-JhCC |
| Modifying agency | BD-JhCC |
| 041 ## - LANGUAGE CODE | |
| Language code of Book | eng |
| 082 ## - DEWEY DECIMAL CLASSIFICATION NUMBER | |
| Classification number | 9054.205 |
| Author mark and Year | BIS 2005 |
| 100 ## - MAIN ENTRY--PERSONAL NAME | |
| Personal name | Biswas, Sukumar |
| 245 ## - TITLE STATEMENT | |
| Title | Bangladesh Liberation War Mujibnagar Government Documents 1971 / |
| Statement of responsibility, etc | Sukumar Biswas (Edited) |
| 260 ## - PUBLICATION, DISTRIBUTION, ETC. (IMPRINT) | |
| Place of publication, distribution, etc | Dhaka : |
| Name of publisher, distributor, etc | Mowla Brothers, |
| Date of publication, distribution, etc | 2005. |
| 300 ## - PHYSICAL DESCRIPTION | |
| Pagination | 655 p. : |
| Dimensions | 24 cm. |
| Other physical details | illu; |
| 650 ## - SUBJECT ADDED ENTRY--TOPICAL TERM | |
| Topical term or geographic name as entry element | Liberation War |
| Chronological subdivision | 1971 |
| 942 ## - ADDED ENTRY ELEMENTS (KOHA) | |
| Source of classification or shelving scheme | Dewey Decimal Classification |
| Koha item type | Books |
| Source of classification or shelving scheme | Damaged status | Not for loan | Home library | Current library | Shelving location | Date of accession | Source of acquisition | Cost, normal purchase price | Total Checkouts | Full call number | Barcode | Date last seen | Copy number | Koha item type |
|---|---|---|---|---|---|---|---|---|---|---|---|---|---|---|
| Dewey Decimal Classification | JCC Rouf Library | JCC Rouf Library | General Stacks | 04/21/2018 | Zahedee Foundation | 1200.00 | 9054.205 BIS 2005 | 13357 | 04/21/2018 | C-1 | Books |